Poznatky a skúsenosti z výchovno-vzdelávacieho procesu v oblasti podnikateľstva a manažmentu na Fakulte podnikového manažmentu Ekonomickej univerzity a uplatnenie absolventov v praxi

Stručná charakteristika Fakulty podnikového manažmentu Ekonomickej univerzity v Bratislave. Pohľad na súčasného študenta a pedagóga. Ako učiť. V súčasnosti už nie sú tradičné metódy v korelácii s vývojom podnikateľského myslenia. Na FPM funguje multidisciplinárna kooperácia, pričom reálni podnikatel...

Full description

Saved in:
Bibliographic Details
Main Author: Šúbertová, Elena
Format: Book Chapter
Language:Slovak
Subjects:
Tags: Add Tag
No Tags, Be the first to tag this record!

MARC

LEADER 00000nla$a2200000$$$4500
001 0147034
005 20240502072645.4
041 0 |a slo 
044 |a SK 
245 1 0 |a Poznatky a skúsenosti z výchovno-vzdelávacieho procesu v oblasti podnikateľstva a manažmentu na Fakulte podnikového manažmentu Ekonomickej univerzity a uplatnenie absolventov v praxi  |c Elena Šúbertová 
520 |a Stručná charakteristika Fakulty podnikového manažmentu Ekonomickej univerzity v Bratislave. Pohľad na súčasného študenta a pedagóga. Ako učiť. V súčasnosti už nie sú tradičné metódy v korelácii s vývojom podnikateľského myslenia. Na FPM funguje multidisciplinárna kooperácia, pričom reálni podnikatelia sú vtiahnutí do pedagogického procesu. Tiež vysoká mobilita učiteľov a študentov je užitočná pre efektívne vzdelávanie. 
610 2 0 |a manažéri 
610 2 0 |a vysokoškoláci 
610 2 0 |a učitelia 
610 2 0 |a vzdelávanie vysokoškolské 
610 2 0 |a Ekonomická univerzita v Bratislave 
100 1 |a Šúbertová, Elena